000 01533cam a2200145 4500500
005 20260329023137.0
041 _afre
042 _adc
100 1 0 _aBeraud Martin, Olivier
_eauthor
700 1 0 _aMartin, Olivier
_eauthor
245 0 0 _aL'analyse quantitative des données
260 _bArmand Colin,
_c2020.
520 _aCet ouvrage répond avec clarté et rigueur aux questions majeures que se posent tout concepteur d’enquête par questionnaire et toute personne souhaitant analyser statistiquement des données  : qu’est-ce qu’un échantillon représentatif, un pourcentage significatif et une «  bonne estimation  »  ? Comment recoder des variables et concevoir des indicateurs  ? Comment analyser leurs relations, avec quelles méthodes  ? Comment interpréter des résultats  ? Sans recours inutile au formalisme mathématique, il expose les principes des raisonnements statistiques en sociologie. Les présentations des méthodes et notions sont accompagnées d’exemples concrets, issus de vraies enquêtes. Tous les éléments sont fournis pour comprendre, analyser et produire des données, que ce soit en sociologie ou dans les domaines des études, du marketing, des sondages d’opinion ou des enquêtes de comportement. L’ouvrage, actualisé dans cette 5e édition, répond aux besoins bien identifiés des étudiants, enseignants comme des chargés d’études.
856 4 1 _uhttps://shs.cairn.info/l-analyse-quantitative-des-donnees--9782200626945?lang=fr&redirect-ssocas=7080
999 _c1925041
_d1925041